| 000 | 00784cam a2200229 a 4500 | ||
|---|---|---|---|
| 001 | 000005912 | ||
| 005 | 20240305134030.0 | ||
| 008 | 830119s1973 gt a b f001 0bspa | ||
| 040 |
_aDO-SdBNP _cDLC _dDLC |
||
| 082 |
_a928.7281 _bG633B, 1973. |
||
| 100 | 1 |
_aBarrientos, Alfonso Enrique, _d1921-2007. _916676 |
|
| 245 | 1 | 0 |
_aEnrique Gómez Carrillo / _cAlfonso Enrique Barrientos. |
| 250 | _a2a ed. | ||
| 260 |
_aGuatemala : _bJosé de Pineda Ibarra, _c1973. |
||
| 300 |
_a306 p. : _bil. ; _c21 cm. |
||
| 490 | 1 |
_aCentenario ; _vno. 1 |
|
| 504 | _aBibliografía: p. 281-291. | ||
| 600 | 1 | 0 |
_aGómez Carrillo, Enrique, _d1873-1927 _916677 |
| 650 | 4 |
_aAutores guatemaltecos _ySIGLO XX _xBiografía _916678 |
|
| 830 | 0 |
_aCentenario ; _vno. 1. _914767 |
|
| 910 | _aCatalogación por copia / LC | ||
| 999 |
_c5708 _d5708 |
||